Music Quiz

Random Music or Song Quiz

Nirvana or Foo Fighters? Quiz Stats

 Plays Quiz Updated Sep 26, 2015

Challenge
Share
Tweet
Embed
Score 0/44 Timer 01:30
2 Plays Today
Song Nirvana/Foo Fighters (N/F) % Correct
Come As You Are???
82.9%
Best Of You???
79.7%
All Apologies???
79.5%
About A Girl???
79.5%
Breed???
79.1%
Dumb???
78.7%
Pennyroyal Tea???
78.3%
Monkey Wrench???
77.5%
All My Life???
76.6%
These Days???
75.9%
On A Plain???
74.6%
This Is A Call???
73.3%
Walk???
72.8%
Breakout???
71.7%
Lounge Act???
71.6%
Been A Son???
70.7%
Big Me???
70.6%
Serve The Servants???
70.3%
Something In The Way???
70%
Something From Nothing???
70%
Blew???
69.6%
No Way Back???
68.2%
Song Nirvana/Foo Fighters (N/F) % Correct
Very Ape???
67.9%
Downer???
66.4%
Congregation???
65.9%
School???
65.8%
Radio Friendly Unit Shifter???
65.3%
Let It Die???
64.4%
Beeswax???
63.8%
Dive???
63.2%
Have It All???
62.3%
Halo???
62.2%
Spank Thru???
62.1%
Wind Up???
61.6%
Gimme Stitches???
60.7%
Paper Cuts???
59.6%
Mr. Moustache???
59.2%
Come Alive???
58.9%
My Poor Brain???
57.8%
Wattershed???
57.6%
Exhausted???
57%
Razor???
55.6%
Still???
52.7%
Big Long Now???
45.3%

You're not logged in!

Compare scores with friends on all Sporcle quizzes.
OR
Log In

You Might Also Like...

Show Comments

Extras

Top Quizzes Today


Score Distribution

Your Account Isn't Verified!

In order to create a playlist on Sporcle, you need to verify the email address you used during registration. Go to your Sporcle Settings to finish the process.

Report this User

Report this user for behavior that violates our Community Guidelines.

Details: